Pays les plus proches de Chypre - une minute sprint - Statistiques

Statistiques générales
  • Ce quiz a été pris 119 fois
  • Le résultat moyen est 13 sur 20
Statistiques - réponses
km pays % Correct
76 Turquie
97%
264 Grèce
92%
228 Israël
89%
170 Liban
88%
103 Syrie
86%
352 Égypte
85%
291 Jordanie
75%
756 Libye
73%
463 Irak
62%
893 Iran
59%
1158 Albanie
58%
471 Arabie Saoudite
58%
1070 Macédoine
56%
935 Arménie
55%
846 Bulgarie
55%
1079 Azerbaïdjan
46%
887 Géorgie
45%
999 Roumanie
42%
970 Russie
34%
288 Palestine
18%
Aucun quiz correspondant
Distribution des résultats
% des personnes avec chaque résultat
Percentile par nombre de réponses
Votre historique - résultats
Vous n’avez pas pris ce quiz